Der fröhliche Jungfernstieg; (Record no. 37610)

MARC details
000 -LEADER
fixed length control field 00430cam a22001697 4500
001 - CONTROL NUMBER
control field ltf91050583
003 - CONTROL NUMBER IDENTIFIER
control field DLC
005 - DATE AND TIME OF LATEST TRANSACTION
control field 20260227111553.0
008 - FIXED-LENGTH DATA ELEMENTS--GENERAL INFORMATION
fixed length control field 910524s1950 gw 000 0 ger
010 ## - LIBRARY OF CONGRESS CONTROL NUMBER
LC control number ltf91050583
040 ## - CATALOGING SOURCE
Original cataloging agency DLC
Transcribing agency DLC
Modifying agency DLC
050 00 - LIBRARY OF CONGRESS CALL NUMBER
Classification number 4PN 122
100 1# - MAIN ENTRY--PERSONAL NAME
Personal name Garvens, Erwin.
245 14 - TITLE STATEMENT
Title Der fröhliche Jungfernstieg;
Statement of responsibility, etc. Haburger Anekdoten.
260 ## - PUBLICATION, DISTRIBUTION, ETC.
Place of publication, distribution, etc. Köln,
Name of publisher, distributor, etc. G. Kiepenheuer
Date of publication, distribution, etc. [1950]
300 ## - PHYSICAL DESCRIPTION
Extent 162 p.

No items available.

Powered by Koha